000 00777nam a22002537a 4500
001 BR9102194
003 BR-BrBNA
005 20230928093601.0
007 ta
008 230509b bl.||||| |||| 00| 0 por d
040 _aBR-BrBNA
_bpor
_cBiblioteca Nacional de Agricultura
041 _a(Por)
072 _aD50; A01
_b/G514
090 _ D50 BR9102194
110 1 _aSecretaria de Estado da Agricultura, Pecuaria e Abastecimento, Belo Horizonte, MG (Brasil)
_98844
245 1 _aSubsidios preliminares para a Lei Agricola (segunda versao); contribuicao de Minas Gerais
260 3 _aBelo Horizonte, MG (Brasil):
_c1989.
300 _a31 p.
650 _aAGRICULTURA
650 _aLEI
650 _aMINAS GERAIS
909 _a202309
_bLucia
_c55
_dLucia Elande
942 _cBK
999 _c45845
_d45845